000 00722nam a2200289Ia 4500
001 7113
003 IT-RoPAU
008 130308s9999 xx 000 0 und d
040 _aIT-RoPAU
040 _cIT-RoPAU
041 _aITALIANO
100 _aCasetti Francesco
100 _gCodice Aut. SPICS: 8350
245 _aMutanti
245 _bGuido Crepax
250 _a1a ed.
260 _aMONTEPULCIANO
260 _bEditori Del Grifo
260 _c1980 [1° Ed.:1980 - Ed.Ling.Originale:1980]
300 _a"4 p. (prefazione: no ; testo: 4 [pagine: 71-74])"
650 _aAUTORI/OPERE DI FUMETTO
650 _eCodice materia Spics: 6707
942 _cBK
957 _71
999 _c50413
_d50413
999 _bSI
999 _g1